La deducción por el impuesto al valor agregado no utilizado (Registro nro. 20259)

Detalles MARC
000 -LEADER
fixed length control field 00416 a2200133 4500
001 - CONTROL NUMBER
control field ART_49667
005 - DATE AND TIME OF LATEST TRANSACTION
control field 20260410161757.0
008 - FIXED-LENGTH DATA ELEMENTS--GENERAL INFORMATION
fixed length control field 260409a
100 1# - MAIN ENTRY--PERSONAL NAME
Personal name Gotlib, Gabriel
245 10 - TITLE STATEMENT
Title La deducción por el impuesto al valor agregado no utilizado
700 1# - ADDED ENTRY--PERSONAL NAME
Personal name Ferreyra Fernández, Constanza E.
700 1# - ADDED ENTRY--PERSONAL NAME
Personal name Kaplún, Brian
773 0# - HOST ITEM ENTRY
Title Doctrina tributaria
Related parts - N°475 (oct. 2019)
Record control number REV4296

No hay ítems disponibles.